[Event "H. C. Andersen Mindgames"]
[Site "?"]
[Date "2012.05.18"]
[Round "4.12"]
[White "Frantsen, 2122, Tom"]
[Black "Rostgaard, 2255, Tobias Valentin"]
[Result "0-1"]
[LiveChessVersion "1.3.1"]
[BlackElo "2255"]
[WhiteElo "2122"]

1. e4 {[%clk 1:30:57]} c5 {[%clk 1:29:34]} 2. Nf3 {[%clk 1:31:20]} e6
{[%clk 1:29:30]} 3. d4 {[%clk 1:30:56]} cxd4 {[%clk 1:29:44]} 4. Nxd4
{[%clk 1:31:23]} Nc6 {[%clk 1:30:04]} 5. Nxc6 {[%clk 1:27:11]} bxc6
{[%clk 1:30:29]} 6. Bd3 {[%clk 1:27:35]} d5 {[%clk 1:29:15]} 7. O-O
{[%clk 1:27:20]} Nf6 {[%clk 1:27:23]} 8. Nc3 {[%clk 1:25:12]} Be7
{[%clk 1:26:37]} 9. Qe2 {[%clk 1:23:40]} O-O {[%clk 1:25:28]} 10. b3
{[%clk 1:22:24]} Bb7 {[%clk 1:13:50]} 11. Bb2 {[%clk 1:15:09]} c5
{[%clk 1:12:17]} 12. Rad1 {[%clk 1:11:16]} a6 {[%clk 1:01:45]} 13. Rfe1
{[%clk 1:06:56]} Re8 {[%clk 1:01:09]} 14. exd5 {[%clk 0:58:52]} exd5
{[%clk 0:59:35]} 15. Qf3 {[%clk 0:58:51]} Qc7 {[%clk 0:56:58]} 16. Qh3
{[%clk 0:57:30]} g6 {[%clk 0:51:44]} 17. Na4 {[%clk 0:47:28]} d4 {[%clk 0:41:16]}
18. c3 {[%clk 0:40:02]} Rad8 {[%clk 0:39:34]} 19. Bc4 {[%clk 0:36:02]} Bc8
{[%clk 0:36:46]} 20. Qg3 {[%clk 0:34:18]} Bd6 {[%clk 0:35:20]} 21. Qh4
{[%clk 0:33:49]} Ng4 {[%clk 0:34:10]} 22. cxd4 {[%clk 0:28:39]} Bxh2+
{[%clk 0:32:24]} 23. Kf1 {[%clk 0:28:30]} Qf4 {[%clk 0:32:13]} 0-1

[Event "H. C. Andersen Mind Games"]
[Site "?"]
[Date "2012.05.18"]
[Round "4.13"]
[White "Antonsen, 2446, IM Mikkel"]
[Black "Sorensen, 1993, Alex"]
[Result "1-0"]
[BlackElo "1993"]
[WhiteElo "2446"]

1. d4 {[%clk 1:30:57]} d5 {[%clk 1:27:59]} 2. c4 {[%clk 1:31:11]} e5
{[%clk 1:27:39]} 3. dxe5 {[%clk 1:30:57]} d4 {[%clk 1:27:08]} 4. Nf3
{[%clk 1:31:23]} Nc6 {[%clk 1:27:34]} 5. g3 {[%clk 1:29:42]} Bf5 {[%clk 1:27:00]}
6. Bg2 {[%clk 1:27:45]} Nge7 {[%clk 1:24:28]} 7. O-O {[%clk 1:27:10]} Ng6
{[%clk 1:24:20]} 8. Qa4 {[%clk 1:18:52]} Qd7 {[%clk 1:21:11]} 9. Rd1
{[%clk 1:18:22]} Rd8 {[%clk 1:04:40]} 10. Bg5 {[%clk 1:16:18]} Be7
{[%clk 1:04:49]} 11. Bxe7 {[%clk 1:16:46]} Kxe7 {[%clk 1:02:50]} 12. Nc3
{[%clk 1:15:37]} Bh3 {[%clk 0:55:20]} 13. Qa3+ {[%clk 1:04:56]} Ke8
{[%clk 0:55:11]} 14. Bxh3 {[%clk 1:05:16]} Qxh3 {[%clk 0:55:23]} 15. Nd5
{[%clk 1:05:31]} h5 {[%clk 0:49:22]} 16. Nxc7+ {[%clk 1:04:48]} Kd7
{[%clk 0:49:43]} 17. Nb5 {[%clk 1:04:49]} Ke8 {[%clk 0:46:30]} 18. Nd6+
{[%clk 1:04:00]} Rxd6 {[%clk 0:45:50]} 19. Qxd6 {[%clk 1:03:47]} h4
{[%clk 0:44:53]} 20. e6 {[%clk 1:02:39]} hxg3 {[%clk 0:41:55]} 21. Qd7+
{[%clk 1:02:30]} Kf8 {[%clk 0:42:16]} 22. Qxf7# 1-0

[Event "H. C. Andersen Mind Games"]
[Site "?"]
[Date "2012.05.18"]
[Round "4.14"]
[White "Heinemann, 1885, Guido"]
[Black "Frisk, 2181, WFM Ellinor"]
[Result "0-1"]
[BlackElo "2181"]
[WhiteElo "1885"]

1. e4 {[%clk 1:30:57]} c5 {[%clk 1:29:46]} 2. d3 {[%clk 1:31:02]} Nc6
{[%clk 1:29:47]} 3. Nc3 {[%clk 1:31:27]} g6 {[%clk 1:26:11]} 4. Be3
{[%clk 1:31:44]} Nd4 {[%clk 1:19:51]} 5. Nce2 {[%clk 1:26:58]} Qb6
{[%clk 1:15:13]} 6. Qc1 {[%clk 1:23:44]} Bg7 {[%clk 1:14:30]} 7. c3
{[%clk 1:23:58]} Nxe2 {[%clk 1:04:07]} 8. Bxe2 {[%clk 1:24:09]} Nf6
{[%clk 1:00:10]} 9. b4 {[%clk 1:22:35]} d6 {[%clk 0:59:22]} 10. Rb1
{[%clk 1:22:55]} Qc7 {[%clk 0:56:43]} 11. bxc5 {[%clk 1:22:30]} dxc5
{[%clk 0:57:06]} 12. Qa3 {[%clk 1:21:57]} b6 {[%clk 0:56:18]} 13. Bf3
{[%clk 1:22:08]} Bb7 {[%clk 0:39:45]} 14. Ne2 {[%clk 1:21:02]} O-O
{[%clk 0:38:04]} 15. Qc1 Rfd8 {[%clk 0:32:03]} 16. Qc2 {[%clk 1:14:57]} e5
{[%clk 0:32:03]} 17. O-O {[%clk 1:13:51]} Rd6 {[%clk 0:31:08]} 18. Ng3
{[%clk 1:13:43]} Rad8 {[%clk 0:31:08]} 19. Rfd1 {[%clk 1:13:43]} h5 20. h4
{[%clk 1:07:01]} Ba6 {[%clk 0:27:59]} 21. Be2 {[%clk 1:07:02]} Ng4
{[%clk 0:25:37]} 22. Bxg4 {[%clk 1:03:35]} hxg4 {[%clk 0:26:05]} 23. c4
{[%clk 1:03:39]} Qd7 {[%clk 0:26:08]} 24. Rb3 {[%clk 1:01:45]} f5
{[%clk 0:24:47]} 25. Bg5 {[%clk 1:01:01]} Rf8 {[%clk 0:24:53]} 26. exf5
{[%clk 1:00:30]} gxf5 {[%clk 0:25:18]} 27. Ra3 {[%clk 1:00:10]} Bb7
{[%clk 0:23:56]} 28. Rxa7 {[%clk 0:58:55]} Qc6 {[%clk 0:23:40]} 29. Rxb7
{[%clk 0:56:23]} Qxb7 {[%clk 0:24:06]} 30. d4 {[%clk 0:56:03]} Rxd4
{[%clk 0:16:02]} 31. Rxd4 {[%clk 0:56:17]} cxd4 {[%clk 0:16:12]} 32. Nxf5
{[%clk 0:56:03]} d3 {[%clk 0:12:22]} 33. Qxd3 {[%clk 0:54:19]} e4
{[%clk 0:12:48]} 34. Qd5+ {[%clk 0:54:43]} Qxd5 {[%clk 0:13:14]} 35. Ne7+
{[%clk 0:55:08]} Kf7 {[%clk 0:13:29]} 36. Nxd5 {[%clk 0:55:21]} Bd4
{[%clk 0:11:23]} 37. Be3 {[%clk 0:53:09]} Bc5 {[%clk 0:06:22]} 38. Bxc5
{[%clk 0:52:38]} bxc5 {[%clk 0:06:48]} 39. Kh2 {[%clk 0:52:11]} Ke6
{[%clk 0:06:40]} 40. Kg3 {[%clk 0:51:44]} Ke5 {[%clk 0:06:23]} 41. Ne3
{[%clk 0:51:07]} Kd4 {[%clk 0:06:05]} 42. h5 {[%clk 0:49:48]} Kd3
{[%clk 0:04:06]} 43. a4 {[%clk 0:49:17]} Ra8 {[%clk 0:03:08]} 44. Kxg4
{[%clk 0:42:55]} Rxa4 {[%clk 0:03:30]} 45. h6 {[%clk 0:42:02]} Ra7
{[%clk 0:02:24]} 46. Kg5 {[%clk 0:35:53]} Rf7 {[%clk 0:02:48]} 47. Nf5
{[%clk 0:35:56]} Ke2 {[%clk 0:01:51]} 48. Kg6 {[%clk 0:35:39]} Rf8
{[%clk 0:01:58]} 49. h7 {[%clk 0:32:54]} Kxf2 {[%clk 0:02:16]} 50. g4
{[%clk 0:31:51]} Kf3 {[%clk 0:00:54]} 51. g5 {[%clk 0:26:19]} Kf4
{[%clk 0:01:23]} 52. Nh4 {[%clk 0:23:06]} Kg3 {[%clk 0:01:51]} 53. Kg7
{[%clk 0:23:14]} Ra8 {[%clk 0:02:09]} 54. Nf5+ {[%clk 0:22:38]} Kf4
{[%clk 0:02:30]} 55. Ne7 {[%clk 0:22:25]} Kxg5 {[%clk 0:02:03]} 56. Ng8
{[%clk 0:18:59]} Ra7+ {[%clk 0:02:27]} 57. Kf8 {[%clk 0:19:03]} 0-1

[Event "H. C. Andersen Mind Games"]
[Site "?"]
[Date "2012.05.18"]
[Round "4.15"]
[White "Johansen, 1967, Johnny Holler"]
[Black "Wilton, 2151, Lars"]
[Result "0-1"]
[BlackElo "2151"]
[WhiteElo "1967"]

1. e4 {[%clk 1:30:56]} c5 {[%clk 1:29:33]} 2. Nf3 {[%clk 1:31:20]} e6
{[%clk 1:29:39]} 3. d4 {[%clk 1:31:39]} cxd4 {[%clk 1:29:58]} 4. Nxd4
{[%clk 1:32:04]} a6 {[%clk 1:29:24]} 5. Nc3 {[%clk 1:31:28]} d6 {[%clk 1:29:47]}
6. Bc4 {[%clk 1:29:29]} Nf6 {[%clk 1:30:06]} 7. Bg5 {[%clk 1:29:40]} b5
{[%clk 1:28:45]} 8. Bb3 {[%clk 1:29:59]} Bb7 {[%clk 1:29:08]} 9. O-O
{[%clk 1:16:46]} Nbd7 {[%clk 1:25:18]} 10. a3 {[%clk 1:09:01]} Nc5
{[%clk 1:21:26]} 11. Ba2 {[%clk 1:09:11]} Be7 {[%clk 1:01:43]} 12. Re1
{[%clk 0:52:23]} O-O {[%clk 0:57:41]} 13. e5 {[%clk 0:43:59]} dxe5
{[%clk 0:48:23]} 14. Rxe5 {[%clk 0:44:16]} Qc7 {[%clk 0:44:27]} 15. Qe2
{[%clk 0:41:58]} Bd6 {[%clk 0:41:14]} 16. Bxf6 {[%clk 0:42:20]} gxf6
{[%clk 0:41:39]} 17. Qg4+ {[%clk 0:42:41]} Kh8 {[%clk 0:42:04]} 18. Rh5
{[%clk 0:42:56]} Rg8 {[%clk 0:35:48]} 19. Qh4 {[%clk 0:42:16]} Rxg2+
{[%clk 0:36:03]} 20. Kf1 {[%clk 0:42:40]} Rg7 {[%clk 0:36:28]} 21. Qxf6
{[%clk 0:42:38]} Be7 {[%clk 0:33:23]} 22. Qe5 {[%clk 0:38:53]} Bd6
{[%clk 0:26:26]} 23. Qf6 {[%clk 0:39:10]} Rag8 {[%clk 0:16:49]} 24. Ke2
{[%clk 0:33:38]} Be7 {[%clk 0:13:37]} 25. Qe5 {[%clk 0:32:54]} Qxe5+
{[%clk 0:13:15]} 26. Rxe5 {[%clk 0:33:19]} Rg5 {[%clk 0:12:46]} 27. Rxg5
{[%clk 0:29:38]} Rxg5 {[%clk 0:13:13]} 28. Rd1 {[%clk 0:27:44]} Kg7
{[%clk 0:11:57]} 29. b4 {[%clk 0:19:19]} Ne4 {[%clk 0:12:21]} 30. Nxe4
{[%clk 0:19:14]} Bxe4 {[%clk 0:12:48]} 31. c4 {[%clk 0:17:46]} Bg6
{[%clk 0:12:23]} 32. c5 {[%clk 0:10:23]} Bh5+ {[%clk 0:12:41]} 33. f3
{[%clk 0:10:48]} Rg2+ {[%clk 0:13:04]} 34. Kf1 {[%clk 0:10:57]} Rxa2
{[%clk 0:13:00]} 35. c6 {[%clk 0:09:02]} Bd8 {[%clk 0:12:19]} 36. Nb3
{[%clk 0:07:39]} Bc7 {[%clk 0:08:55]} 37. Rd7 {[%clk 0:06:34]} Bxh2
{[%clk 0:09:17]} 38. Nc5 {[%clk 0:06:43]} Bxf3 {[%clk 0:08:27]} 39. Nxe6+
{[%clk 0:05:40]} Kf6 {[%clk 0:08:40]} 40. Nd8 {[%clk 0:04:22]} Bg2+
{[%clk 0:07:55]} 41. Ke1 {[%clk 0:04:47]} Bg3+ {[%clk 0:08:09]} 42. Kd1
{[%clk 0:05:11]} Bxc6 {[%clk 0:07:17]} 43. Nxc6 {[%clk 0:05:34]} Kg6
{[%clk 0:05:55]} 44. Ne7+ {[%clk 0:04:45]} Kf6 {[%clk 0:05:32]} 45. Nc6
{[%clk 0:04:34]} Rxa3 {[%clk 0:05:27]} 46. Nd8 {[%clk 0:04:45]} h5
{[%clk 0:05:41]} 47. Rxf7+ {[%clk 0:04:38]} Kg6 {[%clk 0:06:02]} 48. Rd7
{[%clk 0:04:31]} h4 {[%clk 0:06:04]} 49. Ne6 {[%clk 0:04:05]} h3 {[%clk 0:05:54]}
0-1

[Event "H. C. Andersen Mind Games"]
[Site "?"]
[Date "2012.05.18"]
[Round "4.16"]
[White "Pedersen, 2138, Nicolai Kvist Brondt"]
[Black "Dirlis, 1852, Nikolaos"]
[Result "1-0"]
[BlackElo "1852"]
[WhiteElo "2138"]

1. Nf3 {[%clk 1:29:05]} d5 {[%clk 1:30:52]} 2. d4 {[%clk 1:29:28]} Nf6
{[%clk 1:30:58]} 3. g3 {[%clk 1:25:18]} Bf5 {[%clk 1:30:59]} 4. Bg2
{[%clk 1:25:33]} e6 {[%clk 1:30:59]} 5. O-O {[%clk 1:24:32]} Be7 {[%clk 1:30:32]}
6. c4 {[%clk 1:21:54]} c6 {[%clk 1:30:51]} 7. Qb3 {[%clk 1:16:12]} Qb6
{[%clk 1:29:27]} 8. c5 {[%clk 1:15:05]} Qxb3 {[%clk 1:27:52]} 9. axb3
{[%clk 1:15:30]} Nbd7 {[%clk 1:28:10]} 10. b4 {[%clk 1:15:43]} a6
{[%clk 1:28:28]} 11. Nc3 {[%clk 1:08:15]} O-O {[%clk 1:28:36]} 12. Nd2
{[%clk 1:05:28]} Bc2 {[%clk 1:24:01]} 13. Nf3 {[%clk 1:00:08]} Rfe8
{[%clk 1:19:37]} 14. Bf4 {[%clk 0:57:03]} Bf8 {[%clk 1:15:15]} 15. Ne5
{[%clk 0:41:41]} h6 {[%clk 1:13:38]} 16. g4 {[%clk 0:38:00]} g5 {[%clk 1:10:50]}
17. Bg3 {[%clk 0:33:55]} Bg7 {[%clk 1:07:17]} 18. h3 {[%clk 0:33:18]} Nxe5
{[%clk 1:00:55]} 19. Bxe5 {[%clk 0:32:01]} Rad8 {[%clk 0:53:28]} 20. e3
{[%clk 0:30:46]} Ne4 {[%clk 0:47:49]} 21. Bxg7 {[%clk 0:20:25]} Kxg7
{[%clk 0:46:40]} 22. Rac1 {[%clk 0:17:46]} Bd3 {[%clk 0:46:35]} 23. Rfd1
{[%clk 0:17:29]} Nxc3 {[%clk 0:46:43]} 24. bxc3 {[%clk 0:17:37]} Bc4
{[%clk 0:46:51]} 25. f4 {[%clk 0:15:22]} f5 {[%clk 0:43:31]} 26. Kf2
{[%clk 0:13:39]} Re7 {[%clk 0:43:30]} 27. Kg3 {[%clk 0:12:44]} Rf8
{[%clk 0:42:52]} 28. Rd2 {[%clk 0:11:54]} Kg6 {[%clk 0:40:39]} 29. Rf2
{[%clk 0:11:09]} h5 {[%clk 0:40:18]} 30. gxh5+ {[%clk 0:07:29]} Kxh5
{[%clk 0:40:20]} 31. Bf3+ {[%clk 0:07:50]} Kg6 {[%clk 0:40:26]} 32. fxg5
{[%clk 0:08:03]} Kxg5 {[%clk 0:40:34]} 33. h4+ {[%clk 0:08:12]} Kf6
{[%clk 0:40:44]} 34. Kf4 {[%clk 0:07:52]} e5+ {[%clk 0:39:21]} 35. dxe5+
{[%clk 0:07:44]} Rxe5 {[%clk 0:39:43]} 36. Rg2 {[%clk 0:07:30]} Re7
{[%clk 0:36:07]} 37. Rcg1 {[%clk 0:07:28]} Rh7 {[%clk 0:32:45]} 38. h5
{[%clk 0:06:52]} Bd3 {[%clk 0:32:42]} 39. Rg6+ {[%clk 0:06:05]} Ke7
{[%clk 0:33:02]} 40. h6 {[%clk 0:04:15]} Rfh8 {[%clk 0:24:15]} 41. Rg7+
{[%clk 0:03:31]} Kf8 {[%clk 0:22:31]} 42. Rxh7 {[%clk 0:03:52]} Rxh7
{[%clk 0:22:58]} 43. Rg6 {[%clk 0:04:16]} Kf7 {[%clk 0:20:50]} 44. Bh5
{[%clk 0:03:58]} Kf8 {[%clk 0:21:10]} 45. Re6 {[%clk 0:03:59]} Be4
{[%clk 0:20:47]} 46. Re8# {[%clk 0:04:16]} 1-0

[Event "H. C. Andersen Mind Games"]
[Site "?"]
[Date "2012.05.18"]
[Round "4.17"]
[White "Rusev, 2525, GM Krasimir"]
[Black "Hansen, 1905, Ib Lynaes"]
[Result "1-0"]
[BlackElo "1905"]
[WhiteElo "2525"]

1. d4 {[%clk 1:29:07]} Nf6 {[%clk 1:30:38]} 2. c4 {[%clk 1:28:59]} g6
{[%clk 1:31:00]} 3. Nc3 {[%clk 1:29:25]} d5 {[%clk 1:31:20]} 4. cxd5
{[%clk 1:29:12]} Nxd5 {[%clk 1:31:44]} 5. Bd2 {[%clk 1:29:37]} Bg7
{[%clk 1:31:04]} 6. e4 {[%clk 1:30:04]} Nxc3 {[%clk 1:30:30]} 7. Bxc3
{[%clk 1:30:30]} O-O {[%clk 1:30:24]} 8. Rc1 {[%clk 1:30:57]} c6 {[%clk 1:29:55]}
9. Be2 {[%clk 1:30:42]} Nd7 {[%clk 1:29:51]} 10. Nf3 {[%clk 1:30:59]} Nf6
{[%clk 1:28:58]} 11. Qc2 {[%clk 1:29:40]} Bg4 {[%clk 1:25:39]} 12. O-O
{[%clk 1:27:46]} Qc7 {[%clk 1:23:41]} 13. h3 {[%clk 1:17:07]} Bd7
{[%clk 1:21:43]} 14. Bd2 {[%clk 1:13:50]} Rfd8 {[%clk 1:20:38]} 15. Be3
{[%clk 1:14:00]} Be8 {[%clk 1:18:54]} 16. Rfd1 {[%clk 1:14:22]} Qc8
{[%clk 1:14:11]} 17. a3 {[%clk 1:13:39]} b6 {[%clk 1:09:20]} 18. Ne5
{[%clk 1:00:43]} Qe6 {[%clk 1:07:14]} 19. Bc4 {[%clk 0:56:31]} Qc8
{[%clk 1:04:12]} 20. Be2 {[%clk 0:55:34]} Qe6 {[%clk 1:03:35]} 21. Bf4
{[%clk 0:55:31]} Rd6 {[%clk 1:00:02]} 22. Bc4 {[%clk 0:51:17]} Qc8
{[%clk 0:59:08]} 23. Qb3 {[%clk 0:51:30]} Nxe4 {[%clk 0:56:03]} 24. Nxf7
{[%clk 0:51:17]} Bxf7 {[%clk 0:54:23]} 25. Bxf7+ {[%clk 0:51:45]} Kh8
{[%clk 0:47:27]} 26. Bxd6 {[%clk 0:52:12]} exd6 {[%clk 0:46:40]} 27. Bd5
{[%clk 0:50:07]} Qf5 {[%clk 0:46:18]} 28. Bxe4 {[%clk 0:49:47]} Qxe4
{[%clk 0:46:36]} 29. Qc2 {[%clk 0:48:55]} Qxc2 {[%clk 0:44:23]} 30. Rxc2
{[%clk 0:48:31]} c5 {[%clk 0:44:18]} 31. dxc5 {[%clk 0:48:59]} dxc5
{[%clk 0:44:25]} 32. Rd7 {[%clk 0:49:26]} Bd4 {[%clk 0:43:10]} 33. Re2
{[%clk 0:49:50]} a6 {[%clk 0:40:13]} 34. g3 {[%clk 0:50:18]} b5 {[%clk 0:40:11]}
35. Kg2 {[%clk 0:50:38]} a5 {[%clk 0:40:28]} 36. f4 {[%clk 0:50:24]} Kg8
{[%clk 0:38:27]} 37. Kf3 {[%clk 0:50:42]} Bf6 {[%clk 0:35:54]} 38. b3
{[%clk 0:50:39]} Rb8 {[%clk 0:30:23]} 39. Rc7 {[%clk 0:46:33]} Bd4
{[%clk 0:28:58]} 40. h4 {[%clk 0:45:46]} a4 {[%clk 0:25:32]} 41. bxa4
{[%clk 0:46:13]} bxa4 {[%clk 0:25:49]} 42. Kg4 {[%clk 0:46:23]} Kf8
{[%clk 0:24:30]} 43. Re6 {[%clk 0:46:47]} Rb3 {[%clk 0:23:51]} 44. Ra6
{[%clk 0:47:08]} h5+ {[%clk 0:23:04]} 45. Kh3 {[%clk 0:47:35]} 1-0

[Event "H. C. Andersen Mind Games"]
[Site "?"]
[Date "2012.05.18"]
[Round "4.18"]
[White "Rewitz, 2253, FM Poul"]
[Black "Munksgaard, 1877, Daniel"]
[Result "1-0"]
[BlackElo "1877"]
[WhiteElo "2253"]

1. e4 {[%clk 1:30:50]} e5 {[%clk 1:30:51]} 2. Nf3 {[%clk 1:31:12]} Nc6
{[%clk 1:31:09]} 3. d4 {[%clk 1:31:27]} exd4 {[%clk 1:31:23]} 4. Nxd4
{[%clk 1:31:50]} Nxd4 {[%clk 1:29:31]} 5. Qxd4 {[%clk 1:31:19]} Qf6
{[%clk 1:24:23]} 6. e5 {[%clk 1:28:30]} Qb6 {[%clk 1:23:53]} 7. Be3
{[%clk 1:27:44]} Qxd4 {[%clk 1:18:37]} 8. Bxd4 {[%clk 1:28:05]} Ne7
{[%clk 1:18:43]} 9. Nd2 {[%clk 1:24:14]} Nc6 {[%clk 1:18:47]} 10. Bc3
{[%clk 1:24:33]} Bb4 {[%clk 1:18:15]} 11. Bxb4 {[%clk 1:22:58]} Nxb4
{[%clk 1:18:36]} 12. Kd1 {[%clk 1:23:06]} O-O {[%clk 1:17:27]} 13. c3
{[%clk 1:23:08]} Nc6 {[%clk 1:16:31]} 14. f4 {[%clk 1:23:05]} Ne7
{[%clk 1:11:18]} 15. Bd3 {[%clk 1:22:14]} d6 {[%clk 0:53:06]} 16. exd6
{[%clk 1:22:22]} cxd6 {[%clk 0:52:04]} 17. g3 {[%clk 1:20:55]} Bf5
{[%clk 0:46:33]} 18. Kc2 {[%clk 1:21:05]} Rfe8 {[%clk 0:42:55]} 19. Rhe1
{[%clk 1:19:30]} Rac8 {[%clk 0:41:51]} 20. Bxf5 {[%clk 1:17:46]} Nxf5
{[%clk 0:42:10]} 21. Kd3 {[%clk 1:17:58]} Re6 {[%clk 0:38:30]} 22. g4
{[%clk 1:15:26]} Nh4 {[%clk 0:36:49]} 23. f5 {[%clk 1:08:08]} Re5
{[%clk 0:36:21]} 24. Nc4 {[%clk 0:52:50]} Rec5 {[%clk 0:33:53]} 25. Ne3
{[%clk 0:49:10]} Nf3 {[%clk 0:33:25]} 26. Rf1 {[%clk 0:48:34]} Ne5+
{[%clk 0:32:26]} 27. Kc2 {[%clk 0:48:14]} b5 {[%clk 0:31:38]} 28. Rf4
{[%clk 0:46:04]} a5 {[%clk 0:29:49]} 29. a3 {[%clk 0:45:09]} d5 {[%clk 0:19:17]}
30. Rd1 {[%clk 0:44:36]} Nc4 {[%clk 0:19:14]} 31. Nxc4 {[%clk 0:39:11]} dxc4
{[%clk 0:17:06]} 32. Rd7 {[%clk 0:33:32]} R5c7 {[%clk 0:15:42]} 33. Rfd4
{[%clk 0:33:21]} Kf8 {[%clk 0:14:52]} 34. R4d5 {[%clk 0:31:03]} Rxd7
{[%clk 0:14:21]} 35. Rxd7 {[%clk 0:31:23]} a4 {[%clk 0:11:14]} 36. Kd2
{[%clk 0:28:46]} Rc5 {[%clk 0:10:31]} 37. Ke3 {[%clk 0:28:02]} Re5+
{[%clk 0:10:41]} 38. Kf3 {[%clk 0:27:45]} f6 {[%clk 0:10:33]} 39. Rb7
{[%clk 0:27:27]} h6 {[%clk 0:10:49]} 40. h3 {[%clk 0:26:43]} h5 {[%clk 0:09:57]}
41. Kf4 {[%clk 0:26:38]} hxg4 {[%clk 0:10:09]} 42. hxg4 {[%clk 0:25:11]} Rd5
{[%clk 0:09:49]} 43. Ke4 {[%clk 0:18:57]} Re5+ {[%clk 0:09:36]} 44. Kf3
{[%clk 0:19:14]} Rd5 {[%clk 0:09:51]} 45. Kf4 {[%clk 0:19:36]} Re5
{[%clk 0:09:59]} 46. g5 {[%clk 0:19:10]} Rc5 {[%clk 0:09:58]} 47. g6
{[%clk 0:17:59]} Rd5 {[%clk 0:10:03]} 48. Rb8+ {[%clk 0:17:27]} Ke7
{[%clk 0:10:22]} 49. Rg8 {[%clk 0:17:16]} Rd1 {[%clk 0:09:34]} 50. Rxg7+
{[%clk 0:17:26]} Kd6 {[%clk 0:09:55]} 51. Rb7 {[%clk 0:15:24]} Rf1+
{[%clk 0:09:29]} 52. Ke4 {[%clk 0:15:10]} Re1+ {[%clk 0:08:38]} 53. Kd4
{[%clk 0:14:57]} Kc6 {[%clk 0:08:10]} 54. Rf7 {[%clk 0:14:46]} Rd1+
{[%clk 0:08:00]} 55. Ke3 {[%clk 0:14:49]} Kd6 {[%clk 0:07:38]} 56. g7
{[%clk 0:14:15]} Re1+ {[%clk 0:05:38]} 57. Kf2 {[%clk 0:14:29]} 1-0

[Event "H. C. Andersen Mind Games"]
[Site "?"]
[Date "2012.05.18"]
[Round "4.21"]
[White "Bonnelykke, 2027, Ole"]
[Black "Hojland, 1701, Ulrik"]
[Result "1-0"]
[BlackElo "1701"]
[WhiteElo "2027"]

1. e4 {[%clk 1:30:56]} c5 {[%clk 1:30:49]} 2. Nc3 {[%clk 1:31:04]} e6
{[%clk 1:30:56]} 3. g3 {[%clk 1:31:21]} Nc6 {[%clk 1:31:08]} 4. Bg2
{[%clk 1:31:34]} Nf6 {[%clk 1:30:44]} 5. Nge2 {[%clk 1:29:26]} Be7
{[%clk 1:28:53]} 6. O-O {[%clk 1:28:42]} O-O {[%clk 1:28:30]} 7. d3
{[%clk 1:25:17]} a6 {[%clk 1:25:52]} 8. f4 {[%clk 1:23:46]} d6 {[%clk 1:24:26]}
9. h3 {[%clk 1:22:35]} h5 {[%clk 1:20:33]} 10. Be3 {[%clk 1:18:28]} Qc7
{[%clk 1:19:28]} 11. d4 {[%clk 1:17:43]} cxd4 {[%clk 1:15:52]} 12. Nxd4
{[%clk 1:17:34]} Nxd4 {[%clk 1:14:43]} 13. Bxd4 {[%clk 1:17:38]} e5
{[%clk 1:11:51]} 14. Be3 {[%clk 1:05:53]} b5 {[%clk 1:06:29]} 15. fxe5
{[%clk 1:00:57]} dxe5 {[%clk 1:06:33]} 16. Rxf6 {[%clk 1:00:14]} Bxf6
{[%clk 1:04:00]} 17. Nd5 {[%clk 0:59:51]} Qd6 {[%clk 1:01:16]} 18. Qxh5
{[%clk 0:53:58]} Bb7 {[%clk 0:58:45]} 19. Rf1 {[%clk 0:51:52]} Bxd5
{[%clk 0:55:26]} 20. exd5 {[%clk 0:52:14]} Rac8 {[%clk 0:50:03]} 21. Be4
{[%clk 0:49:52]} Rfe8 {[%clk 0:47:27]} 22. g4 {[%clk 0:48:46]} Rc7
{[%clk 0:45:11]} 23. Qh7+ {[%clk 0:43:06]} Kf8 {[%clk 0:45:15]} 24. g5
{[%clk 0:41:57]} Bd8 {[%clk 0:45:22]} 25. Qh8+ {[%clk 0:40:42]} Ke7
{[%clk 0:45:41]} 26. Qxg7 {[%clk 0:40:05]} Rf8 {[%clk 0:45:39]} 27. Rf6
{[%clk 0:39:28]} Qb4 {[%clk 0:44:52]} 28. d6+ {[%clk 0:36:50]} Ke8
{[%clk 0:44:58]} 29. dxc7 {[%clk 0:33:40]} Qe1+ {[%clk 0:44:13]} 30. Kg2
{[%clk 0:32:47]} Qxe3 {[%clk 0:34:53]} 31. cxd8=Q+ {[%clk 0:31:32]} 1-0

[Event "H. C. Andersen Mind Games"]
[Site "?"]
[Date "2012.05.18"]
[Round "4.22"]
[White "Nielsen, 1616, Thomas"]
[Black "Hansen, 1992, Lars-Henrik Bech"]
[Result "0-1"]
[BlackElo "1992"]
[WhiteElo "1616"]

1. d4 {[%clk 1:30:45]} g6 {[%clk 1:30:26]} 2. c4 {[%clk 1:30:05]} Nf6
{[%clk 1:30:36]} 3. Nc3 {[%clk 1:30:24]} c5 {[%clk 1:30:24]} 4. e4
{[%clk 1:28:23]} cxd4 {[%clk 1:30:37]} 5. Qxd4 {[%clk 1:28:36]} Nc6
{[%clk 1:31:00]} 6. Qd1 {[%clk 1:28:29]} Bg7 {[%clk 1:31:22]} 7. Nf3
{[%clk 1:28:31]} d6 {[%clk 1:31:45]} 8. Bd3 {[%clk 1:28:06]} Bg4 {[%clk 1:30:22]}
9. h3 {[%clk 1:28:19]} Bxf3 {[%clk 1:30:15]} 10. Qxf3 {[%clk 1:28:34]} Ne5
{[%clk 1:30:38]} 11. Qe2 {[%clk 1:28:33]} Nxd3+ {[%clk 1:31:01]} 12. Qxd3
{[%clk 1:28:57]} O-O {[%clk 1:31:23]} 13. O-O {[%clk 1:28:37]} Nd7
{[%clk 1:31:25]} 14. Be3 {[%clk 1:28:40]} a6 {[%clk 1:31:24]} 15. b3
{[%clk 1:27:25]} Rc8 {[%clk 1:31:40]} 16. Rad1 {[%clk 1:26:39]} Ne5
{[%clk 1:31:10]} 17. Qd2 {[%clk 1:26:07]} b5 {[%clk 1:30:59]} 18. c5
{[%clk 1:25:02]} Nd7 {[%clk 1:24:21]} 19. cxd6 {[%clk 1:22:28]} Bxc3
{[%clk 1:20:24]} 20. dxe7 {[%clk 1:22:21]} Qxe7 {[%clk 1:20:27]} 21. Qxd7
{[%clk 1:22:39]} Qxe4 {[%clk 1:20:35]} 22. Bh6 {[%clk 1:22:26]} Bg7
{[%clk 1:20:19]} 23. Bxg7 {[%clk 1:22:10]} Kxg7 {[%clk 1:20:43]} 24. Qd4+
{[%clk 1:22:33]} Qxd4 {[%clk 1:21:07]} 25. Rxd4 {[%clk 1:23:00]} Rc2
{[%clk 1:21:32]} 26. a4 {[%clk 1:22:31]} Rb2 {[%clk 1:20:47]} 27. Rd3
{[%clk 1:22:31]} Rc8 {[%clk 1:20:34]} 28. axb5 {[%clk 1:22:25]} axb5
{[%clk 1:20:58]} 29. Rfd1 {[%clk 1:22:19]} b4 {[%clk 1:20:44]} 30. R1d2
{[%clk 1:22:10]} Rb1+ {[%clk 1:20:21]} 31. Rd1 {[%clk 1:22:24]} Rcc1
{[%clk 1:20:37]} 32. Rxc1 {[%clk 1:22:43]} Rxc1+ {[%clk 1:21:02]} 33. Kh2
{[%clk 1:23:09]} Rc3 {[%clk 1:21:29]} 34. Rf3 {[%clk 1:20:42]} Rxf3
{[%clk 1:21:45]} 35. gxf3 {[%clk 1:21:08]} Kf6 {[%clk 1:22:09]} 36. f4
{[%clk 1:21:00]} Ke6 {[%clk 1:22:23]} 37. Kg3 {[%clk 1:19:10]} Kd5 0-1